Catálogo público

Manual de bioquímica 1 / (Record no. 220250)

MARC details
000 -CABECERA
campo de control de longitud fija 02868nam a2200397 a 4500
003 - IDENTIFICADOR DEL NÚMERO DE CONTROL
campo de control CHAP
005 - FECHA Y HORA DE LA ÚLTIMA TRANSACCIÓN
campo de control 20241111125431.0
007 - CAMPO FIJO DE DESCRIPCIÓN FÍSICA--INFORMACIÓN GENERAL
campo de control de longitud fija ta
008 - DATOS DE LONGITUD FIJA--INFORMACIÓN GENERAL
campo de control de longitud fija 241111t2017 mx adk|fr|||| 001 0 spa d
020 ## - NÚMERO INTERNACIONAL ESTÁNDAR DEL LIBRO
Número Internacional Estándar del Libro 968-463-133-2
040 ## - FUENTE DE LA CATALOGACIÓN
Centro catalogador/agencia de origen Z
Centro/agencia transcriptor CHAP
Normas de descripción rda
041 0# - CÓDIGO DE LENGUA
Código de lengua del sumario o resumen Español
Código de lengua de la tabla de contenido Español
082 00 - NÚMERO DE LA CLASIFICACIÓN DECIMAL DEWEY
Número de clasificación C 574.192078
Número de documento/Ítem M36 2007
Número de edición 20
245 00 - MENCIÓN DE TÍTULO
Título Manual de bioquímica 1 /
Mención de responsabilidad, etc. Elvira González Soto, Leticia Bucio Ortiz, Pablo Damián Matsumura, Fernándo Díaz de León Sánchez, Edith Cortés Barberena y Laura Josefina Pérez Flores
264 #1 - PRODUCCIÓN, PUBLICACIÓN, DISTRIBUCIÓN, FABRICACIÓN Y COPYRIGHT
Producción, publicación, distribución, fabricación y copyright México, D. F. :
Nombre del de productor, editor, distribuidor, fabricante AGT Editores,
Fecha de producción, publicación, distribución, fabricación o copyright ©2007
300 ## - DESCRIPCIÓN FÍSICA
Extensión 109 páginas :
Otras características físicas ilustraciones, gráficas, formularios
336 ## - TIPO DE CONTENIDO
Fuente rdacontent
Término de tipo de contenido texto
Código de tipo de contenido txt
337 ## - TIPO DE MEDIO
Fuente rdamedia
Nombre/término del tipo de medio sin medio
Código del tipo de medio n
338 ## - TIPO DE SOPORTE
Fuente rdacarrier
Nombre/término del tipo de soporte volumen
Código del tipo de soporte nc
500 ## - NOTA GENERAL
Nota general ej.1 - ej.2: Consumo
504 ## - NOTA DE BIBLIOGRAFÍA, ETC.
Nota de bibliografía, etc. Incluye bibliogafía
505 ## - NOTA DE CONTENIDO CON FORMATO
Información miscelánea Introducción.
Título Medidas de seguridad en el laboratorio
Información miscelánea Práctica 1
Título Introducción al laboratorio de bioquímica
Información miscelánea Práctica 2.
Título Control de calidad en el trabajo del laboratorio de bioquímica
Información miscelánea Práctica 3.
Título Disoluciones de concentración conocida, preparación y valoración volumétrica
Información miscelánea Práctica 4.
Título Propiedades iónicas de los aminoácidos
Información miscelánea Práctica 5.
Título Cromatografía en papel
Información miscelánea Práctica 6.
Título Aislamiento de proteínas
Información miscelánea Práctica 7.
Título Cuantificación de proteínas, método de Biuret
Información miscelánea Práctica 8.
Título Cuantificación de proteínas, método de Lowry
Información miscelánea Práctica 9.
Título Cuantificación de proteínas, método de Bradfor
Información miscelánea Práctica 10.
Título Reacciones de carbohidratos
Información miscelánea Práctica 11.
Título Actividad enzimática de la β-fructofuranosidasa
Información miscelánea Práctica 12.
Título Aislamiento y purificación de lípidos extraídos a partir de nueces
520 ## - SUMARIO, ETC.
Sumario, etc. La realización de este manual tuvo como objetivo proporcionar ayuda para profesores y alumnos de bioquímica en los temas necesarios para el trabajo en laboratorio de esta materia. <br/>En esta obra se incluyen prácticas que contemplan temas relacionados con reglas para manejo de instrumental y seguridad en un laboratorio, preparación de soluciones, métodos espectrofotométicos y cromatográficos entre otros. Las técnicas que se recopilan se presentan en una forma sencilla, de manera que pueden ser adaptadas a cualquier laboratorio por modesto que sea.
534 ## - NOTA SOBRE LA VERSIÓN ORIGINAL
Frase introductoria Título original:
650 13 - PUNTO DE ACCESO ADICIONAL DE MATERIA--TÉRMINO DE MATERIA
Término de materia o nombre geográfico como elemento de entrada Bioquímica
9 (RLIN) 12849
650 13 - PUNTO DE ACCESO ADICIONAL DE MATERIA--TÉRMINO DE MATERIA
Término de materia o nombre geográfico como elemento de entrada Bioquímica
Subdivisión general Manuales de laboratorio
9 (RLIN) 12860
650 13 - PUNTO DE ACCESO ADICIONAL DE MATERIA--TÉRMINO DE MATERIA
Término de materia o nombre geográfico como elemento de entrada Bioquímica
Subdivisión general Aparatos e instrumentos
9 (RLIN) 12851
650 13 - PUNTO DE ACCESO ADICIONAL DE MATERIA--TÉRMINO DE MATERIA
Término de materia o nombre geográfico como elemento de entrada Buenas prácticas de laboratorio
9 (RLIN) 189731
700 1# - PUNTO DE ACCESO ADICIONAL--NOMBRE DE PERSONA
Nombre de persona González Soto, Elvira
9 (RLIN) 49435
Término indicativo de función/relación autor
700 1# - PUNTO DE ACCESO ADICIONAL--NOMBRE DE PERSONA
Nombre de persona Bucio Ortiz, Leticia
9 (RLIN) 189733
Término indicativo de función/relación autor
700 1# - PUNTO DE ACCESO ADICIONAL--NOMBRE DE PERSONA
Nombre de persona Matsumura, Pablo Damián
9 (RLIN) 189734
Término indicativo de función/relación autor
700 1# - PUNTO DE ACCESO ADICIONAL--NOMBRE DE PERSONA
Nombre de persona Díaz de León Sánchez, Fernando
9 (RLIN) 189735
Término indicativo de función/relación autor
700 1# - PUNTO DE ACCESO ADICIONAL--NOMBRE DE PERSONA
Nombre de persona Cortés Barberena, Edith
9 (RLIN) 189736
Término indicativo de función/relación autor
700 1# - PUNTO DE ACCESO ADICIONAL--NOMBRE DE PERSONA
Nombre de persona Pérez Flores, Laura Josefina
9 (RLIN) 189737
Término indicativo de función/relación autor
942 ## - ELEMENTOS DE PUNTO DE ACCESO ADICIONAL (KOHA)
Fuente del sistema de clasificación o colocación Dewey Decimal Classification
Tipo de ítem Koha Libro
Holdings
Estado de retiro Estado de pérdida Fuente del sistema de clasificación o colocación Estado dañado Restricciones de uso No para préstamo Código de colección Localización permanente Ubicación/localización actual Fecha de adquisición Fuente de adquisición Número de inventario Total de préstamos Signatura topográfica completa Código de barras Fecha visto por última vez Número de copia Precio válido a partir de Tipo de ítem Koha
    Dewey Decimal Classification   Préstamo interno   Consulta Zootecnia Zootecnia 19/11/2018 Compra Libreria UACh No. 37336 Consumo   C 574.192078 M36 2007 5103000015 11/11/2024 Ej.1 11/11/2024 Libro
    Dewey Decimal Classification   Préstamo interno   Consulta Zootecnia Zootecnia 19/11/2018 Compra Libreria UACh No. 37336 Consumo   C 574.192078 M36 2007 5103000016 11/11/2024 Ej.2 11/11/2024 Libro